000 00742nam a2200265Ia 4500
005 20260121170956.0
008 008 260114s9999 xx 000 0 eng d
020 _a9783030048075
037 _aEBOOK
040 _aCRL
040 _beng
040 _cCRL
041 _2eng
041 _aeng
084 _qCRL
100 _aVictor M. Buchstaber, Sotiris Konstantinou-Rizos, Alexander V. Mikhailov
_91070482
245 0 _aRecent Developments in Integrable Systems and Related Topics of Mathematical Physics
260 _bSpringer
260 _bSpringer
260 _c2018
856 _uhttps://link.springer.com/openurl?genre=book&isbn=978-3-030-04807-5
942 _cEBOOK
999 _c1636212
_d1636212